000 00731cam a2200241 4500
008 000000n2001 000 0 eng u
020 _a074840953X
035 _a(Sirsi) u112218
050 _a725.23
100 _aKroemer, Karl H.E.
245 _aOffice ergonomics.
260 _aLondon
_bTaylor & Francis
_c2001
300 _ax,258p. : ill. ; 24cm.
350 _a17.99
520 _aA practical book, which covers not just the design of offices and equipment but also office relationships and the well-being of workers.
650 _aOFFICES
650 _aINTERNAL CLIMATE
650 _aMANUAL TASKS
650 _aFURNITURE
690 _aFACILITIES MANAGEMENT
_96240
700 _aKroemer, Anne D.
942 _n0
999 _c101375
_d101375